[Event "Titled Tuesday intern op 12th Mar Late"]
[Site "Chess.com INT"]
[Date "2024.03.12"]
[Round "8"]
[White "Karamsetty, Jeevan"]
[Black "Heydarli, Kanan Beyukkishi Og"]
[Result "1-0"]
[WhiteElo "2187"]
[BlackElo "2224"]
[PlyCount "83"]
[EventDate "2024.03.12"]
[EventType "swiss (blitz)"]
[EventRounds "11"]
[EventCountry "USA"]
[SourceTitle "CB12_2024"]
[SourceDate "2023.10.01"]
[SourceVersion "1"]
[SourceVersionDate "2023.10.01"]
[SourceQuality "1"]

1. e4 c5 2. Nc3 e6 3. g3 b6 4. Bg2 Bb7 5. Nh3 d6 6. 0-0 Nf6 7. d3 Nbd7 8. f4 Qc7 9. f5 e5 10. g4 h6 11. b3 a6 12. a4 Be7 13. Be3 Nb8 14. Nd5 Bxd5 15. exd5 Nbd7 16. c3 Rc8 17. Qe2 Qb7 18. Qf3 Nh7 19. d4 Ng5 20. Nxg5 hxg5 21. dxe5 Nxe5 22. Qe4 f6 23. Bf2 Kf7 24. Bg3 Qc7 25. Rad1 c4 26. Bxe5 fxe5 27. b4 Bf6 28. Rf3 a5 29. Rb1 axb4 30. Rxb4 Qc5+ 31. Kh1 Rc7 32. h3 Rhc8 33. Qb1 Qxd5 34. Rxb6 Qc5 35. Rf1 Be7 36. Rd1 Qe3 37. f6 Bxf6 38. Rbxd6 Rh8 39. Bd5+ Ke8 40. Qb8+ Ke7 41. Qxc7+ Kf8 42. Qf7# 1-0

[Event "Khomeyn Aftab Cup 1st"]
[Site "Khomeyn"]
[Date "2017.09.02"]
[Round "8"]
[White "Heydarli, Kanan Beyukkishi Og"]
[Black "Maghsoodloo, Parham"]
[Result "0-1"]
[WhiteElo "2267"]
[BlackElo "2590"]
[PlyCount "90"]
[EventDate "2017.08.29"]
[EventType "swiss"]
[EventRounds "9"]
[EventCountry "IRI"]
[SourceTitle "CBM 180 Extra"]
[Source "ChessBase"]
[SourceDate "2017.10.06"]
[SourceVersion "1"]
[SourceVersionDate "2017.10.06"]
[SourceQuality "1"]

1. d4 Nf6 2. Nf3 g6 3. b3 Bg7 4. Bb2 0-0 5. g3 d5 6. Bg2 c5 7. dxc5 Na6 8. 0-0 Nxc5 9. Nbd2 b6 10. c4 Bb7 11. Rc1 Rc8 12. Rc2 dxc4 13. Nxc4 Qxd1 14. Rxd1 Rfd8 15. Rxd8+ Rxd8 16. Rd2 Rxd2 17. Nfxd2 Bxg2 18. Bxf6 Bxf6 19. Kxg2 b5 20. Na3 a6 21. Nc2 Bb2 22. Nb1 f5 23. Nb4 Kf7 24. Kf1 Ke6 25. Ke1 Kd6 26. Kd2 e5 27. Nd3 Ne4+ 28. Ke1 Ba1 29. Kd1 Nf6 30. Nb4 a5 31. Nc2 Bb2 32. f3 e4 33. Kd2 Nd5 34. Kd1 e3 35. Ne1 b4 36. Nc2 f4 37. g4 Bc3 38. a3 Be5 39. Ne1 Kc6 40. Kc2 Nc7 41. Kd3 Kd5 42. axb4 axb4 43. Nc2 Bd6 44. Ne1 Ne6 45. Kc2 Nd4+ 0-1

[Event "AZE-ch 71st"]
[Site "Baku"]
[Date "2016.03.21"]
[Round "7"]
[White "Mammadov, Zaur Fazahir Oglu"]
[Black "Heydarli, Kanan Beyukkishi Og"]
[Result "1/2-1/2"]
[WhiteElo "2456"]
[BlackElo "2257"]
[PlyCount "102"]
[EventDate "2016.03.15"]
[EventType "swiss"]
[EventRounds "9"]
[EventCountry "AZE"]
[SourceTitle "CBM 171 Extra"]
[Source "ChessBase"]
[SourceDate "2016.04.26"]
[SourceVersion "1"]
[SourceVersionDate "2016.04.26"]
[SourceQuality "1"]

1. e4 c5 2. c3 d5 3. exd5 Qxd5 4. d4 e6 5. Nf3 Nf6 6. Bd3 cxd4 7. cxd4 Be7 8. Nc3 Qd8 9. 0-0 0-0 10. Re1 Nc6 11. Bg5 b6 12. Ne5 Bb7 13. Ba6 Qc8 14. Qf3 Na5 15. Bxb7 Qxb7 16. Qxb7 Nxb7 17. Nc6 Bd6 18. Bxf6 gxf6 19. d5 Rfe8 20. dxe6 fxe6 21. Ne4 Rec8 22. Rac1 Nc5 23. Nxa7 Rxa7 24. Nxd6 Rca8 25. Rcd1 Rxa2 26. b4 Nb3 27. Rxe6 Ra1 28. Rde1 Nd4 29. R6e4 Rxe1+ 30. Rxe1 Nc2 31. Rb1 Nxb4 32. g4 Nd5 33. Ne4 Kf7 34. Kg2 Ke6 35. Kg3 Rb8 36. Rb5 Ra8 37. f3 Ra5 38. Rb2 Ra7 39. h4 f5 40. Ng5+ Kf6 41. Re2 h6 42. Re6+ Kg7 43. Rd6 hxg5 44. Rxd5 gxh4+ 45. Kxh4 fxg4 46. Kxg4 Rb7 47. Rb5 Kf6 48. f4 Rb8 49. f5 Rg8+ 50. Kf3 Ra8 51. Rxb6+ Kxf5 1/2-1/2

[Event "Baku op"]
[Site "Baku"]
[Date "2015.10.01"]
[Round "2"]
[White "Rasulov, Vugar Ural Oglu"]
[Black "Heydarli, Kanan Beyukkishi Og"]
[Result "1/2-1/2"]
[WhiteElo "2495"]
[BlackElo "2256"]
[PlyCount "99"]
[EventDate "2015.09.30"]
[EventType "swiss"]
[EventRounds "9"]
[EventCountry "AZE"]
[SourceTitle "EXT 2019"]
[Source "ChessBase"]
[SourceDate "2018.10.10"]
[SourceVersion "1"]
[SourceVersionDate "2018.10.10"]
[SourceQuality "1"]

1. e4 e6 2. d3 d5 3. Nd2 Nf6 4. g3 b6 5. Bg2 Bb7 6. e5 Nfd7 7. Ngf3 c5 8. 0-0 Nc6 9. Re1 Qc7 10. Qe2 g6 11. c4 dxc4 12. Nxc4 b5 13. Na3 a6 14. Bf4 Bg7 15. Nc2 0-0 16. h4 Rac8 17. h5 h6 18. g4 g5 19. Bg3 Qb6 20. Rad1 Rfd8 21. a3 Ba8 22. Qf1 Qc7 23. Qe2 Qb6 24. Rc1 Qb7 25. Ne3 Qb8 26. Nd1 Qb7 27. Qf1 Qb6 28. Kh2 Nd4 29. Nd2 Bxg2 30. Qxg2 Nc6 31. Nf3 Qb8 32. Kh1 Ncxe5 33. Nc3 f5 34. gxf5 exf5 35. d4 cxd4 36. Nxd4 Qa8 37. Nxf5 Qxg2+ 38. Kxg2 Nd3 39. Re7 Bf8 40. Rd1 Nf6 41. Bc7 Bxe7 42. Nxe7+ Kf7 43. Nxc8 Rxc8 44. Rxd3 Rxc7 45. Rd6 Ra7 46. Ne2 Nxh5 47. Rxh6 Nf6 48. Nc3 Kg7 49. Rh3 Rd7 50. Re3 1/2-1/2

[Event "Abu Dhabi op 23rd"]
[Site "Abu Dhabi"]
[Date "2015.08.29"]
[Round "7"]
[White "Heydarli, Kanan Beyukkishi Og"]
[Black "Yashas, Devappa"]
[Result "1/2-1/2"]
[WhiteElo "2256"]
[BlackElo "2135"]
[PlyCount "58"]
[EventDate "2015.08.23"]
[EventType "swiss"]
[EventRounds "9"]
[EventCountry "UAE"]
[SourceTitle "EXT 2016"]
[Source "ChessBase"]
[SourceDate "2015.10.08"]
[SourceVersion "1"]
[SourceVersionDate "2015.10.08"]
[SourceQuality "1"]

1. d4 Nf6 2. c4 e6 3. Nf3 b6 4. g3 Ba6 5. b3 c6 6. Bg2 d5 7. 0-0 Nbd7 8. Nbd2 Be7 9. Bb2 0-0 10. Re1 Rc8 11. e4 c5 12. exd5 exd5 13. Rc1 Re8 14. Ne5 cxd4 15. Bxd4 Nxe5 16. Bxe5 Ba3 17. Rc2 dxc4 18. Bxf6 Rxe1+ 19. Qxe1 Qxf6 20. Nxc4 Bxc4 21. bxc4 g6 22. Bd5 Rc7 23. Kg2 Re7 24. Qd1 Kg7 25. Rd2 Bc5 26. Qc2 Re1 27. Re2 Rxe2 28. Qxe2 a5 29. a4 Qe7 1/2-1/2

[Event "Marianske Lazne op 14th"]
[Site "Marianske Lazne"]
[Date "2015.01.18"]
[Round "2"]
[White "Heydarli, Kanan Beyukkishi Og"]
[Black "Nitish, Belurkar"]
[Result "1/2-1/2"]
[WhiteElo "2273"]
[BlackElo "1967"]
[PlyCount "65"]
[EventDate "2015.01.17"]
[EventType "swiss"]
[EventRounds "9"]
[EventCountry "CZE"]
[SourceTitle "CBM 164 Extra"]
[Source "ChessBase"]
[SourceDate "2015.03.02"]
[SourceVersion "1"]
[SourceVersionDate "2015.03.02"]
[SourceQuality "1"]

1. d4 Nf6 2. Nf3 c5 3. dxc5 Na6 4. e3 Nxc5 5. Be2 g6 6. c4 a5 7. Nc3 Bg7 8. 0-0 0-0 9. Nd4 d6 10. b3 Bd7 11. Bb2 Qb6 12. Rb1 a4 13. Ba1 axb3 14. axb3 Rfc8 15. b4 Nce4 16. Nxe4 Nxe4 17. Bf3 Ng5 18. c5 dxc5 19. bxc5 Nxf3+ 20. Nxf3 Qc7 21. Bxg7 Kxg7 22. Qd4+ Kg8 23. Ne5 Be6 24. Rfc1 Ra5 25. f4 Rxc5 26. Rxc5 Qxc5 27. Qxc5 Rxc5 28. Rxb7 Rc1+ 29. Kf2 Rc2+ 30. Kf1 Rc1+ 31. Kf2 Rc2+ 32. Kf1 Rc1+ 33. Kf2 1/2-1/2

[Event "Marianske Lazne op 14th"]
[Site "Marianske Lazne"]
[Date "2015.01.17"]
[Round "1"]
[White "Bublik, Frantisek"]
[Black "Heydarli, Kanan Beyukkishi Og"]
[Result "0-1"]
[WhiteElo "1783"]
[BlackElo "2273"]
[PlyCount "62"]
[EventDate "2015.01.17"]
[EventType "swiss"]
[EventRounds "9"]
[EventCountry "CZE"]
[SourceTitle "CBM 164 Extra"]
[Source "ChessBase"]
[SourceDate "2015.03.02"]
[SourceVersion "1"]
[SourceVersionDate "2015.03.02"]
[SourceQuality "1"]

1. e4 c5 2. Nf3 e6 3. d4 cxd4 4. Nxd4 a6 5. c4 Nf6 6. Nc3 Qc7 7. Bd3 g6 8. Be3 Bg7 9. Rc1 b6 10. 0-0 0-0 11. f4 d6 12. Be2 Bb7 13. Qd3 Nbd7 14. Bf3 Rac8 15. b4 Qxc4 16. Qb1 Qc7 17. Nd5 Qd8 18. Nc6 Nxd5 19. Nxd8 Nxe3 20. Rf2 Rcxd8 21. Qd3 a5 22. a3 e5 23. Qxd6 exf4 24. Qxf4 Bd4 25. Kh1 axb4 26. axb4 Ne5 27. Qf6 Rfe8 28. Rc7 Bc6 29. Be2 Ra8 30. h3 Ra1+ 31. Kh2 N5g4+ 0-1

[Event "AZE-ch 70th"]
[Site "Baku"]
[Date "2015.01.12"]
[Round "6"]
[White "Rasulov, Vugar Ural Oglu"]
[Black "Heydarli, Kanan Beyukkishi Og"]
[Result "1-0"]
[WhiteElo "2491"]
[BlackElo "2273"]
[PlyCount "105"]
[EventDate "2015.01.06"]
[EventType "swiss"]
[EventRounds "9"]
[EventCountry "AZE"]
[SourceTitle "CBM 164 Extra"]
[Source "ChessBase"]
[SourceDate "2015.03.02"]
[SourceVersion "1"]
[SourceVersionDate "2015.03.02"]
[SourceQuality "1"]

1. e4 c5 2. Nf3 e6 3. d4 cxd4 4. Nxd4 a6 5. Bd3 Nf6 6. 0-0 d6 7. Nc3 Be7 8. f4 Nbd7 9. a4 Qc7 10. a5 0-0 11. Nb3 Nc5 12. Nxc5 Qxc5+ 13. Kh1 e5 14. f5 Bd7 15. Qf3 Bc6 16. Be3 Qb4 17. Ra3 Bb5 18. Bg5 Bc6 19. Bd2 Bd7 20. Bg5 Qc5 21. Bxf6 Bxf6 22. Nd5 Rfd8 23. Qh5 Bc6 24. Nxf6+ gxf6 25. Qh6 Kh8 26. Qxf6+ Kg8 27. Be2 Kf8 28. Rc3 Qxa5 29. Rh3 Ke8 30. Rxh7 Kd7 31. Bd3 Kc7 32. Rxf7+ Kb6 33. Qh4 d5 34. c3 Qc5 35. Qe1 a5 36. Rg7 Rd6 37. Rg6 Rxg6 38. fxg6 Rg8 39. exd5 Qxd5 40. Qf2+ Kc7 41. Qf7+ Qxf7 42. Rxf7+ Kd6 43. Rf6+ Ke7 44. Rf5 e4 45. Bxe4 Rd8 46. Bf3 Ke6 47. Rxa5 Kf6 48. Kg1 Bxf3 49. gxf3 Rd1+ 50. Kg2 Rd2+ 51. Kg3 Rxb2 52. Rg5 Rb1 53. h4 1-0

[Event "Baku op"]
[Site "Baku"]
[Date "2013.09.21"]
[Round "3"]
[White "Heydarli, Kanan Beyukkishi Og"]
[Black "Rzayev, Bahruz Iqbal Oglu"]
[Result "1/2-1/2"]
[WhiteElo "2278"]
[BlackElo "2464"]
[PlyCount "118"]
[EventDate "2013.09.19"]
[EventType "swiss"]
[EventRounds "9"]
[EventCountry "AZE"]
[SourceTitle "CBM 156 Extra"]
[Source "ChessBase"]
[SourceDate "2013.10.22"]
[SourceVersion "1"]
[SourceVersionDate "2013.10.22"]
[SourceQuality "1"]

1. d4 Nf6 2. c4 c5 3. dxc5 e6 4. Nf3 Bxc5 5. e3 0-0 6. Be2 b6 7. Nc3 Bb7 8. 0-0 d5 9. cxd5 Nxd5 10. Nxd5 Bxd5 11. Bd2 Nc6 12. Bc3 Qe7 13. Qa4 Nb4 14. Nd4 Bb7 15. Bxb4 Bxb4 16. Bf3 Bxf3 17. Nxf3 Bc5 18. Rfd1 Rad8 19. Rxd8 Rxd8 20. Rd1 a5 21. Rxd8+ Qxd8 22. h3 h6 23. Ne5 Bd6 24. Nc4 Bc7 25. g3 Qd3 26. Na3 Be5 27. b3 g6 28. Qb5 Qd1+ 29. Kg2 Bc3 30. Nc4 Be1 31. Qxb6 Qc2 32. Qd8+ Kg7 33. Qd4+ Kg8 34. Qb2 Qe4+ 35. Kg1 a4 36. Qc1 axb3 37. axb3 Bb4 38. Qd1 g5 39. Qd8+ Bf8 40. Qd1 Bb4 41. Nb6 Bc3 42. Qd8+ Kg7 43. Qd1 Qf5 44. Qc1 Bf6 45. Nd7 Be7 46. Qc3+ Kh7 47. Qc4 Qxh3 48. Ne5 Qf5 49. Qd3 Qxd3 50. Nxd3 Kg7 51. b4 Kf8 52. b5 Bd6 53. g4 Ke7 54. Nb2 f5 55. gxf5 exf5 56. Na4 Ke6 57. Nc3 Be5 58. Ne2 Kd5 59. f4 gxf4 1/2-1/2

[Event "Baku op"]
[Site "Baku"]
[Date "2013.09.20"]
[Round "2"]
[White "Heydarli, Kanan Beyukkishi Og"]
[Black "Artemiev, Vladislav"]
[Result "0-1"]
[WhiteElo "2278"]
[BlackElo "2560"]
[PlyCount "92"]
[EventDate "2013.09.19"]
[EventType "swiss"]
[EventRounds "9"]
[EventCountry "AZE"]
[SourceTitle "CBM 156 Extra"]
[Source "ChessBase"]
[SourceDate "2013.10.22"]
[SourceVersion "1"]
[SourceVersionDate "2013.10.22"]
[SourceQuality "1"]

1. d4 Nf6 2. c4 g6 3. Nc3 d5 4. cxd5 Nxd5 5. e4 Nb6 6. Nf3 Bg7 7. Be2 Bg4 8. Be3 0-0 9. 0-0 Nc6 10. d5 Bxf3 11. Bxf3 Ne5 12. Bxb6 axb6 13. Be2 Nd7 14. Na4 c6 15. dxc6 bxc6 16. Qc2 b5 17. Nc5 Nxc5 18. Qxc5 Bxb2 19. Rad1 Qe8 20. Qc2 Bg7 21. f4 Ra4 22. e5 Qa8 23. Rd2 Qa5 24. Rfd1 Qb6+ 25. Kh1 Rxf4 26. Rd7 e6 27. g3 Rf5 28. R7d6 Rxe5 29. Bf3 Rc5 30. Qe4 b4 31. Rxc6 Rxc6 32. Qxc6 Qf2 33. Qe4 Rc8 34. Bg2 Bf8 35. Rf1 Qa7 36. Qe2 Rc5 37. Rd1 Qc7 38. Qa6 h5 39. Rf1 Ra5 40. Qe2 Qa7 41. Be4 Rxa2 42. Qf3 Ra1 43. Bc2 Rxf1+ 44. Qxf1 b3 45. Be4 b2 46. Qd3 f5 0-1

[Event "Litomysl op 14th"]
[Site "Litomysl"]
[Date "2012.12.28"]
[Round "3"]
[White "Heydarli, Kanan Beyukkishi Og"]
[Black "Daniel, Martin"]
[Result "1-0"]
[WhiteElo "2301"]
[BlackElo "2081"]
[PlyCount "73"]
[EventDate "2012.12.26"]
[EventType "swiss"]
[EventRounds "9"]
[EventCountry "CZE"]
[SourceTitle "EXT 2014"]
[Source "ChessBase"]
[SourceDate "2013.11.20"]
[SourceVersion "1"]
[SourceVersionDate "2013.11.20"]
[SourceQuality "1"]

1. d4 Nf6 2. c4 c5 3. dxc5 Qa5+ 4. Nc3 Ne4 5. Bd2 Nxd2 6. Qxd2 Qxc5 7. e3 d6 8. Nf3 g6 9. Be2 Bg7 10. 0-0 0-0 11. Rac1 Nd7 12. Nd5 Re8 13. b4 Qc6 14. Nd4 Bxd4 15. exd4 Nb6 16. Ne3 e5 17. d5 Qc7 18. c5 Nd7 19. Bb5 a6 20. Ba4 Rd8 21. c6 Nb8 22. cxb7 Qxb7 23. Bc6 Nxc6 24. dxc6 Qc7 25. Nd5 Qa7 26. Qh6 f5 27. Nf6+ Kf7 28. Nxh7 Rg8 29. Ng5+ Kf6 30. c7 Be6 31. Qh4 Bxa2 32. Ne4+ Kg7 33. Qf6+ Kh7 34. Ng5+ Kh6 35. Rc3 Kh5 36. Ne6 Bxe6 37. Rh3+ 1-0

[Event "Baku op"]
[Site "Baku"]
[Date "2012.09.28"]
[Round "7"]
[White "Heydarli, Kanan Beyukkishi Og"]
[Black "Hasanova, Turkan"]
[Result "1-0"]
[WhiteElo "2309"]
[BlackElo "2098"]
[PlyCount "75"]
[EventDate "2012.09.22"]
[EventType "swiss"]
[EventRounds "9"]
[EventCountry "AZE"]
[SourceTitle "CBM 150 Extra"]
[Source "ChessBase"]
[SourceDate "2012.10.19"]
[SourceVersion "1"]
[SourceVersionDate "2012.10.19"]
[SourceQuality "1"]

1. d4 Nf6 2. c4 g6 3. Nc3 Bg7 4. e4 d6 5. Bd3 0-0 6. Nge2 e5 7. d5 a5 8. f3 Nh5 9. Be3 f5 10. exf5 Bxf5 11. Bxf5 Rxf5 12. Qd2 Nf4 13. Ng3 Rf8 14. Nge4 Nd7 15. 0-0-0 Nb6 16. Bxb6 cxb6 17. Nb5 Rf7 18. Nbxd6 Rd7 19. Nb5 Rc8 20. Kb1 Rxc4 21. d6 Rb4 22. Nec3 Kh8 23. a3 Rc4 24. g3 Nh5 25. Rhe1 Qf8 26. Qd3 Rc6 27. Ka1 Qf5 28. f4 Rc5 29. Qxf5 gxf5 30. b4 axb4 31. axb4 Rc4 32. fxe5 Rxb4 33. Ka2 Rd8 34. Ka3 Rc4 35. Kb3 Rc6 36. Nd4 Rc5 37. Ne6 Bxe5 38. Rxe5 1-0

[Event "Baku op"]
[Site "Baku"]
[Date "2012.09.24"]
[Round "3"]
[White "Heydarli, Kanan Beyukkishi Og"]
[Black "Pantsulaia, Levan"]
[Result "1/2-1/2"]
[WhiteElo "2309"]
[BlackElo "2575"]
[PlyCount "94"]
[EventDate "2012.09.22"]
[EventType "swiss"]
[EventRounds "9"]
[EventCountry "AZE"]
[SourceTitle "CBM 150 Extra"]
[Source "ChessBase"]
[SourceDate "2012.10.19"]
[SourceVersion "1"]
[SourceVersionDate "2012.10.19"]
[SourceQuality "1"]

1. Nf3 c5 2. e3 Nf6 3. c4 b6 4. b3 Bb7 5. Bb2 e6 6. Be2 Be7 7. 0-0 0-0 8. Nc3 d6 9. d4 cxd4 10. Nxd4 a6 11. Bf3 Qc7 12. Bxb7 Qxb7 13. Qf3 Qxf3 14. Nxf3 Rc8 15. Rfd1 Nbd7 16. Nd4 g6 17. h3 Rab8 18. Rac1 Rb7 19. Ba3 Rbc7 20. Nde2 Nc5 21. Bxc5 bxc5 22. Rc2 Ne8 23. Rcd2 f5 24. Rd3 Kf7 25. g3 Nf6 26. Kg2 Rd8 27. Na4 g5 28. f3 h5 29. Nac3 g4 30. e4 fxe4 31. Nxe4 Nxe4 32. fxe4 gxh3+ 33. Kxh3 Rh8 34. Rf3+ Ke8 35. Nf4 Rh6 36. Kg2 Bf8 37. Rdf1 Bg7 38. Rh1 Be5 39. Nxh5 Rch7 40. g4 Ke7 41. Rhf1 Rg6 42. Kh3 Rg8 43. Kh4 a5 44. Rh3 Rgh8 45. Rhf3 Ra8 46. Rh3 Rah8 47. Rhf3 Rg8 1/2-1/2

[Event "Pardubice Czech op-A 23rd"]
[Site "Pardubice"]
[Date "2012.07.27"]
[Round "8"]
[White "Mueller, Tobias"]
[Black "Heydarli, Kanan Beyukkishi Og"]
[Result "1/2-1/2"]
[WhiteElo "2064"]
[BlackElo "2309"]
[PlyCount "85"]
[EventDate "2012.07.12"]
[EventType "swiss"]
[EventRounds "9"]
[EventCountry "CZE"]
[SourceTitle "CBM 149 Extra"]
[Source "ChessBase"]
[SourceDate "2012.08.24"]
[SourceVersion "1"]
[SourceVersionDate "2012.08.24"]
[SourceQuality "1"]

1. c4 Nf6 2. g3 c5 3. Bg2 Nc6 4. Nc3 e6 5. e4 d6 6. Nge2 Be7 7. 0-0 Qc7 8. d3 Bd7 9. h3 a6 10. f4 Rb8 11. a4 Rd8 12. g4 h6 13. Ng3 Nh7 14. Nh5 0-0 15. f5 Rb8 16. Be3 Qd8 17. Qd2 Re8 18. Rf2 Bg5 19. Raf1 Ne5 20. f6 gxf6 21. Ne2 f5 22. gxf5 exf5 23. Neg3 Bxe3 24. Qxe3 Qg5 25. Qe2 Kh8 26. Nxf5 Re6 27. Nf4 Rf6 28. Nd5 Rg6 29. Nf4 Bxf5 30. exf5 Rgg8 31. Nd5 Nf6 32. Nxf6 Qxf6 33. Kh1 Rg3 34. Rd1 Nc6 35. Bxc6 bxc6 36. Qh5 Rxb2 37. Rxb2 Qxb2 38. Qxh6+ Kg8 39. Rg1 Rxg1+ 40. Kxg1 Qb1+ 41. Kf2 Qc2+ 42. Kg1 Qd1+ 43. Kf2 1/2-1/2

[Event "Pardubice Czech op-A 23rd"]
[Site "Pardubice"]
[Date "2012.07.24"]
[Round "5"]
[White "Heydarli, Kanan Beyukkishi Og"]
[Black "Folkova, Martina"]
[Result "1-0"]
[WhiteElo "2309"]
[BlackElo "2146"]
[PlyCount "97"]
[EventDate "2012.07.12"]
[EventType "swiss"]
[EventRounds "9"]
[EventCountry "CZE"]
[SourceTitle "CBM 149 Extra"]
[Source "ChessBase"]
[SourceDate "2012.08.24"]
[SourceVersion "1"]
[SourceVersionDate "2012.08.24"]
[SourceQuality "1"]

1. Nf3 d5 2. d4 e6 3. c4 c6 4. cxd5 exd5 5. Nc3 Be7 6. Bf4 Nf6 7. e3 Bf5 8. Bd3 Bxd3 9. Qxd3 Nbd7 10. 0-0 0-0 11. Rab1 a5 12. a3 Nh5 13. Be5 f5 14. h3 g5 15. Ne2 Qe8 16. Ng3 Nxg3 17. Bxg3 f4 18. exf4 gxf4 19. Bh2 Qh5 20. Rbe1 Bd6 21. Re6 Rf6 22. Rfe1 Raf8 23. Qb3 b6 24. Qc2 c5 25. Qa4 R8f7 26. Qc6 Rxe6 27. Rxe6 Bf8 28. dxc5 bxc5 29. Bxf4 Rxf4 30. Qxd7 Qf5 31. Qc6 Re4 32. Rf6 Qh5 33. g4 Qe8 34. Qxd5+ Kg7 35. Qg5+ Kh8 36. Qf5 Bg7 37. Rf7 Re7 38. Ng5 Re1+ 39. Kg2 Qa8+ 40. Nf3 Re2 41. Qxc5 h6 42. Rc7 Re8 43. Ra7 Qe4 44. Qxa5 Bxb2 45. Qb6 Bg7 46. a4 h5 47. Qb7 Qg6 48. Nh4 Qf6 49. Nf5 1-0

[Event "Pardubice Czech op-A 23rd"]
[Site "Pardubice"]
[Date "2012.07.20"]
[Round "1"]
[White "Heydarli, Kanan Beyukkishi Og"]
[Black "Kononenko, Dmitry"]
[Result "1/2-1/2"]
[WhiteElo "2309"]
[BlackElo "2608"]
[PlyCount "47"]
[EventDate "2012.07.12"]
[EventType "swiss"]
[EventRounds "9"]
[EventCountry "CZE"]
[SourceTitle "CBM 149 Extra"]
[Source "ChessBase"]
[SourceDate "2012.08.24"]
[SourceVersion "1"]
[SourceVersionDate "2012.08.24"]
[SourceQuality "1"]

1. Nf3 c5 2. c4 g6 3. g3 Bg7 4. Bg2 Nc6 5. Nc3 e6 6. 0-0 Nge7 7. e3 0-0 8. d4 cxd4 9. Nxd4 Nxd4 10. exd4 d6 11. Bg5 h6 12. Bxe7 Qxe7 13. Qd2 Rb8 14. Rac1 b6 15. Rfe1 Qc7 16. b3 a6 17. Red1 Rd8 18. a4 Bd7 19. Na2 a5 20. Nc3 Be8 21. Nb5 Qe7 22. Re1 Kh7 23. d5 Bxb5 24. cxb5 1/2-1/2

[Event "Nakhchivan op"]
[Site "Nakhchivan"]
[Date "2012.05.03"]
[Round "6"]
[White "Javakhadze, Zurab"]
[Black "Heydarli, Kanan Beyukkishi Og"]
[Result "1/2-1/2"]
[WhiteElo "2418"]
[BlackElo "2329"]
[PlyCount "78"]
[EventDate "2012.04.28"]
[EventType "swiss"]
[EventRounds "9"]
[EventCountry "AZE"]
[SourceTitle "CBM 148 Extra"]
[Source "ChessBase"]
[SourceDate "2012.06.22"]
[SourceVersion "1"]
[SourceVersionDate "2012.06.22"]
[SourceQuality "1"]

1. Nf3 d5 2. c4 dxc4 3. Na3 Nf6 4. Nxc4 e6 5. g3 Be7 6. Bg2 0-0 7. 0-0 c5 8. b3 Nc6 9. Bb2 Rb8 10. Nfe5 Nxe5 11. Bxe5 Ra8 12. Rc1 Nd5 13. Bb2 Bd7 14. d4 cxd4 15. Bxd5 exd5 16. Qxd4 Bf6 17. Qxd5 Bxb2 18. Nxb2 Qe8 19. Qxb7 Qxe2 20. Qxd7 Qxb2 21. Qa4 f5 22. Rc7 f4 23. Rxa7 Rac8 24. Qd7 h6 25. Qe6+ Kh8 26. Rf7 fxg3 27. fxg3 Qd4+ 28. Kg2 Rfe8 29. Qg6 Re2+ 30. Kh3 Rg8 31. Rf8 Qd2 32. Kg4 Rxh2 33. Rxg8+ Kxg8 34. Qe6+ Kh7 35. Qe4+ Kg8 36. Qe6+ Kh7 37. Qe4+ Kg8 38. Qa8+ Kh7 39. Qe4+ Kg8 1/2-1/2

[Event "Moscow op-A"]
[Site "Moscow"]
[Date "2012.02.02"]
[Round "6"]
[White "Petrukhina, Irina"]
[Black "Heydarli, Kanan Beyukkishi Og"]
[Result "1/2-1/2"]
[WhiteElo "2202"]
[BlackElo "2376"]
[PlyCount "109"]
[EventDate "2012.01.28"]
[EventType "swiss"]
[EventRounds "9"]
[EventCountry "RUS"]
[SourceTitle "CBM 146 Extra"]
[Source "ChessBase"]
[SourceDate "2012.02.29"]
[SourceVersion "1"]
[SourceVersionDate "2012.02.29"]
[SourceQuality "1"]

1. d4 d5 2. c4 dxc4 3. Nf3 Nf6 4. e3 e6 5. Bxc4 a6 6. 0-0 b5 7. Bb3 Bb7 8. a4 Nbd7 9. Qe2 Be7 10. Rd1 0-0 11. Nbd2 bxa4 12. Bxa4 c5 13. dxc5 Nxc5 14. Ne4 Qb6 15. Nxc5 Bxc5 16. b3 Bd5 17. Bb2 Rfd8 18. Rac1 Rac8 19. Nd2 Be7 20. e4 Bb7 21. Rxc8 Bxc8 22. Nc4 Rxd1+ 23. Qxd1 Qc5 24. Bd4 Qb4 25. f3 h6 26. Qd2 Qb8 27. Ne5 Bb7 28. Qe3 Bd6 29. g3 Qf8 30. Kg2 Ne8 31. Nd3 Qe7 32. Bxe8 Qxe8 33. Bxg7 f5 34. Be5 fxe4 35. Bxd6 exd3 36. Qxd3 Qf7 37. Be5 Bd5 38. Bf4 h5 39. h4 Qf5 40. Qc3 Qf7 41. Qc8+ Kh7 42. Qxa6 Qf5 43. Qa7+ Kg6 44. b4 e5 45. Qb6+ Be6 46. Be3 Qh3+ 47. Kf2 Qh2+ 48. Kf1 Kf5 49. Bf2 Qh1+ 50. Ke2 Bc4+ 51. Kd2 Qb1 52. Qe3 Qb2+ 53. Ke1 Qxb4+ 54. Qd2 Qb1+ 55. Qd1 1/2-1/2

[Event "Moscow op-A"]
[Site "Moscow"]
[Date "2012.02.01"]
[Round "5"]
[White "Heydarli, Kanan Beyukkishi Og"]
[Black "Kasyanov, Andrey"]
[Result "1/2-1/2"]
[WhiteElo "2376"]
[BlackElo "2209"]
[PlyCount "85"]
[EventDate "2012.01.28"]
[EventType "swiss"]
[EventRounds "9"]
[EventCountry "RUS"]
[SourceTitle "CBM 146 Extra"]
[Source "ChessBase"]
[SourceDate "2012.02.29"]
[SourceVersion "1"]
[SourceVersionDate "2012.02.29"]
[SourceQuality "1"]

1. d4 Nf6 2. Nf3 e6 3. c4 b6 4. g3 Bb7 5. Bg2 Be7 6. 0-0 0-0 7. Nc3 Ne4 8. Qc2 Nxc3 9. Qxc3 Bf6 10. Bf4 d6 11. Qc2 Nd7 12. Rfd1 Qe7 13. Rac1 Rad8 14. b4 e5 15. dxe5 dxe5 16. Ng5 g6 17. Bxb7 exf4 18. Ne4 fxg3 19. hxg3 Bg7 20. Qa4 f5 21. Nc3 f4 22. Nd5 Qg5 23. Nxf4 Rxf4 24. Rxd7 Rdf8 25. Rd5 R4f5 26. Rcd1 Be5 27. Qd7 Qf6 28. f4 Bxf4 29. Rxf5 Be3+ 30. Kg2 Qxf5 31. Qxf5 Rxf5 32. Bf3 Kg7 33. b5 Rf7 34. Rd8 Kf6 35. Ra8 Ke7 36. Rxa7 Kd6 37. Ra3 Re7 38. Rd3+ Kc5 39. Bd5 h5 40. Ra3 Bc1 41. Rc3 Rxe2+ 42. Kf1 Bb2 43. Kxe2 1/2-1/2

[Event "Moscow op-A"]
[Site "Moscow"]
[Date "2012.01.31"]
[Round "4"]
[White "Rozanov, Pavel B"]
[Black "Heydarli, Kanan Beyukkishi Og"]
[Result "1-0"]
[WhiteElo "2223"]
[BlackElo "2376"]
[PlyCount "67"]
[EventDate "2012.01.28"]
[EventType "swiss"]
[EventRounds "9"]
[EventCountry "RUS"]
[SourceTitle "CBM 146 Extra"]
[Source "ChessBase"]
[SourceDate "2012.02.29"]
[SourceVersion "1"]
[SourceVersionDate "2012.02.29"]
[SourceQuality "1"]

1. d4 d5 2. c4 dxc4 3. e4 c5 4. d5 Nf6 5. Nc3 e6 6. Bxc4 exd5 7. Nxd5 Nxd5 8. Bxd5 Bd6 9. Ne2 Na6 10. Qa4+ Bd7 11. Qc4 b5 12. Bxf7+ Kf8 13. Qd5 Bg4 14. Bh5 Bxh5 15. Qxh5 Qf6 16. 0-0 Re8 17. Ng3 Nb4 18. Be3 g6 19. Qe2 a6 20. f4 Qe7 21. e5 Qe6 22. Ne4 Be7 23. Bxc5 Kg7 24. Bxe7 Rxe7 25. a3 Nd5 26. g3 Rc8 27. Rac1 Rec7 28. Rxc7+ Rxc7 29. Nd6 Rc6 30. f5 gxf5 31. Nxf5+ Kh8 32. Nd4 Qe8 33. Nxc6 Qxc6 34. Qf2 1-0